| 000 | 01017nam a22002657a 4500 | ||
|---|---|---|---|
| 005 | 20170124103132.0 | ||
| 010 | _aB-141696 | ||
| 020 |
_c200.00 _a8188216267 |
||
| 035 | _aB-141696 | ||
| 037 | _bCen Lib/Ret | ||
| 040 |
_aDPL _bHN |
||
| 082 |
_a824 _bलाठमु |
||
| 100 |
_aलाठ, मुकुंद _984392 |
||
| 245 |
_aधर्मसंकट / _cमुकुंद लाठ |
||
| 246 |
_aDharmsankat / _bby Mukund Lath |
||
| 260 |
_aजयपुर _bदर्शन प्रतिष्ठान _c2004 |
||
| 270 |
_a40ए मोती लाल नेहरु रोड _bजयपुर |
||
| 300 |
_axiv, 192पृ. _c21सेमी (सजिल्द) _b |
||
| 500 | _aअनुक्रमणिका शामिल | ||
| 650 |
_aसाहित्य--निबंध _984393 |
||
| 650 |
_aहिन्दी निबंध _9779 |
||
| 650 |
_aLiterature--Essay _978374 |
||
| 650 |
_aHindi essays _984394 |
||
| 942 |
_2ddc _cHN _h824 _mलाठमु |
||
| 999 |
_c119331 _d119331 |
||